000 00562nam a2200193Ii 4500
003 JO-AjNU
008 230606s9999||||xx |||||||||||||| ||und||
020 _a81-7629-894-8
040 _aJO-AjNU
_beng
_erda
_cJO-AjNU
041 _aeng
050 1 4 _aKF273.2006
100 3 _aGUPTA ، SUSHMA k MASSEY ، I.P,
_eauthor
_9361
245 0 0 _aHISTORY OF LEGAL EDUCATION
264 3 1 _aNEW DEHI : DEEP and DEEP PUBLICATIONS (P) LTD,2006
300 _a381p
336 _atext
_btxt
_2rdacontent
337 _aunmediated
_bn
_2rdamedia
338 _avolume
_bnc
_2rdacarrier
999 _aE191
_c191
_d191